000 00297nam a22001217a 4500
040 _cSCME
100 _aWagner,William R
_955205
245 _aBiomaterials science an introduction to materials in medicine
250 _a4thed.
260 _bElsevier
_c2020
300 _a1586p.
942 _2ddc
_cBK
999 _c566068
_d566068